Dicle-Fırat : no. 1-8 (1962-1963).
Saved in:
| Format: | Journal |
|---|---|
| Language: | Turkish |
| Published: |
Stockholm :
APEC,
1977.
|
| Edition: | 1. tıpkıbasım. |
| Series: | Weşanên APEC (Series) ;
124. |
| Subjects: | |
| Tags: |
Add Tag
No Tags, Be the first to tag this record!
|
| LEADER | 00879nas a2200277 a 4500 | ||
|---|---|---|---|
| 001 | 007715414-2 | ||
| 005 | 20050206205028.0 | ||
| 008 | 980223r19771962tu mr p 0||| 0tur d | ||
| 020 | |a 9189014243 | ||
| 043 | |a a-tu--- | ||
| 050 | 0 | 0 | |a DR435.K87 |b D53 1997 |
| 245 | 0 | 0 | |a Dicle-Fırat : |b no. 1-8 (1962-1963). |
| 250 | |a 1. tıpkıbasım. | ||
| 260 | |a Stockholm : |b APEC, |c 1977. | ||
| 300 | |a 64 p. : |b ill. ; |c 30 cm. | ||
| 310 | |a Monthly | ||
| 362 | 0 | |a Yıl 1, sayı 1 (1 Ekim 1962)-yıl 1, sayı 8 (14 Mayıs 1963). | |
| 490 | 1 | |a APEC yayınları ; |v yayın no. 124 | |
| 500 | |a Reprint; originally published: Istanbul, Turkey, 1962-1963. | ||
| 546 | |a In Turkish. | ||
| 650 | 0 | |a Kurds |z Turkey |v Periodicals. | |
| 650 | 0 | |a Kurds |x Politics and government |v Periodicals. | |
| 752 | |a Sweden |d Stockholm. | ||
| 830 | 0 | |a Weşanên APEC (Series) ; |v 124. | |
| 988 | |a 20020608 | ||
| 906 | |0 MH | ||


